|
|
|
|
| LEADER |
00000nab a2200000 a 4500 |
| 001 |
vtls000043989 |
| 003 |
SK-MaSNL |
| 005 |
20260304073254.0 |
| 008 |
250423c1979 xo 0 slo |
| 015 |
|
|
|a SNBRB19rr/mm-uuuuu
|
| 035 |
|
|
|a CL0054084
|
| 035 |
|
|
|a urn:nbn:sk:snk-abeikb
|
| 035 |
|
|
|a (urnnbn)urn:nbn:sk:snk:ar-008lng
|
| 035 |
|
|
|a (uuid)f6f9bf8b-ea1f-4246-b96d-733e8e601c97
|
| 040 |
|
|
|a SNKBUCL
|b slo
|c SNKBUCL
|e AACR2
|
| 041 |
0 |
|
|a slo
|
| 044 |
|
|
|a xo
|c SK
|
| 080 |
|
|
|a 82.09:885.4-3(048)
|2 1981
|
| 080 |
|
|
|a 885.4-3(048)
|2 1981
|
| 080 |
|
|
|a 82.06
|2 1981
|
| 080 |
|
|
|a 885.4-3"19"
|2 1981
|
| 080 |
|
|
|a 885.4.06"19"
|2 1981
|
| 100 |
1 |
|
|a Sulík, Ivan,
|d 1943-2021
|4 aut
|9 223328
|
| 245 |
1 |
0 |
|a Lesk a bieda historického románu
|c Ivan Sulík
|
| 650 |
0 |
7 |
|a slovenské romány
|2 snkbucl
|9 103163
|
| 650 |
0 |
7 |
|a historické romány
|2 snkbucl
|9 286777
|
| 655 |
|
7 |
|a štúdie
|2 snkbucl
|9 57033
|
| 655 |
|
7 |
|a články z novín a časopisov
|2 snkbucl
|9 267496
|
| 655 |
|
7 |
|a články z odboru literárna veda a krásna literatúra
|2 snkbucl
|9 770045
|
| 773 |
0 |
|
|t Slovenské pohľady
|g Roč. 95, č. 8 (1979), s. 79-89
|
| 850 |
|
|
|a Slovenská národná knižnica
|
| 852 |
|
|
|a Slovenská národná knižnica
|
| 954 |
|
|
|a odborná, vedecká literatúra pôvodná (slovenská)
|2 lita
|
| 958 |
|
|
|a article27
|
| 958 |
|
|
|a RK
|
| 958 |
|
|
|a LX
|
| 958 |
|
|
|a OND
|
| 958 |
|
|
|a EUIPO
|
| 992 |
|
|
|a RBX
|
| 999 |
|
|
|c 2770621
|d 2772551
|